[Event "World Blitz 2016"]
[Site "Doha QAT"]
[Date "2016.12.29"]
[Round "11.30"]
[White "Grandelius, Nils"]
[Black "Henriquez Villagra, Cristobal"]
[Result "1/2-1/2"]
[WhiteTitle "GM"]
[BlackTitle "IM"]
[WhiteElo "2643"]
[BlackElo "2517"]
[WhiteFideId "1710400"]
[BlackFideId "3409350"]
[EventDate "2016.12.29"]

1. d4 d5 2. Nf3 Nf6 3. c3 Bf5 4. Qb3 Qc8 5. Bf4 e6 6. Nbd2 Nbd7 7. Nh4 Bg6 8. h3
Be7 9. e3 Ne4 10. Nxg6 Nxd2 11. Kxd2 hxg6 12. Rc1 c6 13. Bd3 b5 14. Qc2 Nb6 15.
Ke2 a6 16. b3 g5 17. Bg3 c5 18. c4 bxc4 19. bxc4 dxc4 20. Be4 cxd4 21. exd4 Ra7
22. Rb1 Bd8 23. Bd6 Rd7 24. Bc5 Nd5 25. Qxc4 Be7 26. Bxd5 exd5 27. Qb4 Bxc5 28.
Qxc5 Re7+ 29. Kd3 Qf5+ 30. Kc3 O-O 31. Qxe7 Rc8+ 32. Kb4 Rb8+ 33. Kc5 Rxb1 34.
Rxb1 Qxb1 35. Qe8+ Kh7 36. Qxf7 Qxa2 37. Qh5+ Kg8 38. Qe8+ Kh7 39. Qh5+ Kg8 40.
Qe8+ 1/2-1/2

[Event "World Blitz 2016"]
[Site "Doha QAT"]
[Date "2016.12.29"]
[Round "11.31"]
[White "Atabayev, Maksat"]
[Black "Anton Guijarro, David"]
[Result "1-0"]
[WhiteTitle "GM"]
[BlackTitle "GM"]
[WhiteElo "2492"]
[BlackElo "2650"]
[WhiteFideId "14001101"]
[BlackFideId "2285525"]
[EventDate "2016.12.29"]

1. e4 e5 2. Nf3 Nc6 3. Bb5 a6 4. Ba4 Nf6 5. d3 b5 6. Bb3 Bc5 7. c3 d6 8. O-O O-O
9. a4 b4 10. a5 Rb8 11. Bc4 h6 12. Nbd2 Ba7 13. Re1 Ne7 14. Nf1 Ng6 15. Be3 Bxe3
16. Nxe3 c6 17. Bb3 Re8 18. Nc4 Bg4 19. Ba4 Qc7 20. Ne3 Be6 21. Qc2 bxc3 22.
bxc3 Rec8 23. c4 Nd7 24. Qc3 Nc5 25. Bc2 Bd7 26. d4 exd4 27. Nxd4 Re8 28. f3 Qd8
29. Ndf5 f6 30. Nxd6 Rf8 31. Rad1 Qc7 32. Ndf5 Be6 33. Ng4 Nb7 34. Nfxh6+ gxh6
35. Nxf6+ Kf7 36. Nh7 Qe5 37. Qxe5 Nxe5 38. Nxf8 Rxf8 39. f4 Nxc4 40. f5 Bc8 41.
e5 Nbxa5 42. e6+ Ke7 43. Rd4 Nd6 44. Re5 Nab7 45. Rh4 Rf6 46. Rg4 Ne8 47. h4
Nbd6 48. Rc5 Bb7 49. Rb4 Kd8 50. Rb6 Kc7 51. Rb4 Nb5 52. g4 a5 53. Rf4 Rf8 54.
g5 hxg5 55. hxg5 Ng7 56. Re5 Bc8 57. e7 Rh8 58. f6 Nh5 59. Rh4 Rg8 60. Rxh5 Nd4
61. Bd1 Kd6 62. e8=Q 1-0

[Event "World Blitz 2016"]
[Site "Doha QAT"]
[Date "2016.12.29"]
[Round "11.32"]
[White "Belyakov, Bogdan"]
[Black "Ghaem Maghami, Ehsan"]
[Result "1/2-1/2"]
[WhiteTitle "IM"]
[BlackTitle "GM"]
[WhiteElo "2487"]
[BlackElo "2574"]
[WhiteFideId "24104795"]
[BlackFideId "12500739"]
[EventDate "2016.12.29"]

1. e4 c6 2. d4 d5 3. Nc3 dxe4 4. Nxe4 Nd7 5. Bd3 Ngf6 6. Ng5 e6 7. Qe2 h6 8.
Nxe6 fxe6 9. Bg6+ Ke7 10. Nf3 Qc7 11. O-O Kd8 12. Re1 Bd6 13. c4 b6 14. c5 Bf4
15. Bxf4 Qxf4 16. Qxe6 Kc7 17. cxb6+ axb6 18. Rac1 Qd6 19. Qf7 Rf8 20. Qxg7 Rg8
21. Qf7 Rf8 22. Qg7 Rg8 23. Qf7 1/2-1/2

[Event "World Blitz 2016"]
[Site "Doha QAT"]
[Date "2016.12.29"]
[Round "11.33"]
[White "Mchedlishvili, Mikheil"]
[Black "Tomashevsky, Evgeny"]
[Result "1-0"]
[WhiteTitle "GM"]
[BlackTitle "GM"]
[WhiteElo "2601"]
[BlackElo "2716"]
[WhiteFideId "13600966"]
[BlackFideId "4147235"]
[EventDate "2016.12.29"]

1. Nf3 Nf6 2. g3 d5 3. Bg2 c6 4. O-O Bg4 5. c4 e6 6. cxd5 exd5 7. Qb3 Qb6 8. Qc2
Nbd7 9. d3 Be7 10. e4 O-O 11. Nc3 dxe4 12. dxe4 Qa5 13. h3 Bxf3 14. Bxf3 Rad8
15. a3 Rfe8 16. Bf4 Ne5 17. Be2 Bd6 18. Rad1 Qc7 19. Kg2 Qe7 20. Rfe1 Ng6 21.
Bc1 Be5 22. Bd3 Qc5 23. Na4 Qe7 24. f4 Bc7 25. Nc3 h5 26. e5 Nd5 27. Nxd5 Rxd5
28. Bxg6 fxg6 29. Rxd5 cxd5 30. Qxg6 Bb6 31. Qxh5 Rc8 32. Qe2 Rc4 33. Qd3 Qc5
34. Be3 d4 35. Bf2 Qd5+ 36. Qe4 Qxe4+ 37. Rxe4 Rc2 38. Kf3 Rxb2 39. Bxd4 Bxd4
40. Rxd4 Rb3+ 41. Kg4 Rxa3 42. f5 b5 43. Rd8+ Kf7 44. e6+ Ke7 45. Rd7+ Kf8 46.
Rb7 a6 47. Kf4 Rb3 48. g4 b4 49. g5 Rb1 50. f6 gxf6 51. gxf6 Rf1+ 52. Ke5 Re1+
53. Kd5 1-0

[Event "World Blitz 2016"]
[Site "Doha QAT"]
[Date "2016.12.29"]
[Round "11.34"]
[White "Vallejo Pons, Francisco"]
[Black "Agdestein, Simen"]
[Result "1-0"]
[WhiteTitle "GM"]
[BlackTitle "GM"]
[WhiteElo "2711"]
[BlackElo "2602"]
[WhiteFideId "2205530"]
[BlackFideId "1500015"]
[EventDate "2016.12.29"]

1. d4 e6 2. c4 f5 3. g3 Nf6 4. Bg2 c6 5. Nf3 d5 6. O-O Bd6 7. Bf4 Bxf4 8. gxf4
O-O 9. e3 Qe7 10. Nc3 Kh8 11. Rb1 Ne4 12. Ne5 Nd7 13. Ne2 Rg8 14. f3 Nef6 15.
Kh1 Nf8 16. b4 Bd7 17. Qd2 Be8 18. a4 a6 19. Rg1 h6 20. Bf1 Kh7 21. c5 N6d7 22.
Qc2 Bh5 23. Rg3 g5 24. Bg2 Nxe5 25. fxe5 Ng6 26. Rf1 Nh4 27. Kg1 Bg6 28. Qc1
Raf8 29. Bh1 Qf7 30. f4 Bh5 31. Nc3 Rg6 32. Kf2 Rfg8 33. Rfg1 R6g7 34. Ke1 Qe7
35. Qd2 Be8 36. Qf2 Bh5 37. Kd2 Qd8 38. Kc2 a5 39. b5 b6 40. cxb6 cxb5 41. Nxb5
Qxb6 42. fxg5 hxg5 43. Bg2 Kh6 44. Bf1 Rc8+ 45. Kb2 Qc6 46. Bd3 g4 47. Rb1 Nf3
48. h3 Rb7 49. Ka2 Ng5 50. hxg4 Bxg4 51. Rxg4 fxg4 52. Qf6+ Kh5 53. Rh1+ Nh3 54.
Bg6+ 1-0

[Event "World Blitz 2016"]
[Site "Doha QAT"]
[Date "2016.12.29"]
[Round "11.35"]
[White "Neelotpal, Das"]
[Black "Al-Sayed, Mohammed"]
[Result "1-0"]
[WhiteTitle "GM"]
[BlackTitle "GM"]
[WhiteElo "2463"]
[BlackElo "2508"]
[WhiteFideId "5003512"]
[BlackFideId "12100196"]
[EventDate "2016.12.29"]

1. e4 c5 2. Nf3 d6 3. Bb5+ Bd7 4. c4 Nf6 5. Nc3 Nc6 6. O-O g6 7. Re1 Bg7 8. Bxc6
Bxc6 9. d4 cxd4 10. Nxd4 O-O 11. Bg5 Rc8 12. Qd2 a6 13. Bh6 Bxh6 14. Qxh6 Bd7
15. b3 b5 16. Nf3 bxc4 17. Ng5 Rc5 18. e5 Bc6 19. exf6 1-0

[Event "World Blitz 2016"]
[Site "Doha QAT"]
[Date "2016.12.29"]
[Round "11.36"]
[White "Adhiban, Baskaran"]
[Black "Potapov, Pavel"]
[Result "1-0"]
[WhiteTitle "GM"]
[BlackTitle "GM"]
[WhiteElo "2666"]
[BlackElo "2493"]
[WhiteFideId "5018471"]
[BlackFideId "4169786"]
[EventDate "2016.12.29"]

1. d4 f5 2. c4 Nf6 3. Nc3 d6 4. Nf3 g6 5. g3 Bg7 6. Bg2 O-O 7. O-O c6 8. Bg5 Qc7
9. Qd2 e5 10. c5 e4 11. cxd6 Qxd6 12. Ne5 Be6 13. Bf4 Qe7 14. b3 Nd5 15. Bg5 Qc7
16. Rac1 Nd7 17. Nc4 N7b6 18. Nxd5 Nxd5 19. Rfd1 Rfe8 20. e3 h6 21. Bf4 Nxf4 22.
gxf4 g5 23. Ne5 Rad8 24. Kh1 Qe7 25. Qe2 g4 26. Rg1 Bd5 27. Bf1 h5 28. Qe1 Rd6
29. Bc4 Bxe5 30. fxe5 Rg6 31. Bxd5+ cxd5 32. Rc5 Rd8 33. Qc1 h4 34. Rc8 Ra6 35.
a4 Rb6 36. Qc3 Kf7 37. Rc1 Rd7 38. Rh8 Rg6 39. Qc8 g3 40. Rh7+ Rg7 41. Qh8 Qf8
42. e6+ Kxe6 43. Qxf8 1-0

[Event "World Blitz 2016"]
[Site "Doha QAT"]
[Date "2016.12.29"]
[Round "11.37"]
[White "Svane, Rasmus"]
[Black "Gholami, Aryan"]
[Result "1-0"]
[WhiteTitle "GM"]
[BlackTitle "IM"]
[WhiteElo "2555"]
[BlackElo "2422"]
[WhiteFideId "4657101"]
[BlackFideId "12513342"]
[EventDate "2016.12.29"]

1. d4 Nf6 2. c4 e6 3. g3 d5 4. Bg2 Bb4+ 5. Nd2 Be7 6. Ngf3 O-O 7. O-O c6 8. Qc2
Nbd7 9. e4 dxe4 10. Nxe4 Nxe4 11. Qxe4 Nf6 12. Qe2 Bd7 13. Rd1 Rc8 14. Ne5 Qb6
15. Be3 Qa6 16. g4 Rfd8 17. g5 Ne8 18. Qh5 g6 19. Qf3 Nd6 20. Bh3 Be8 21. b3 Nf5
22. Bxf5 exf5 23. h4 f6 24. gxf6 Bxf6 25. Bg5 c5 26. Qf4 cxd4 27. Rxd4 Rxd4 28.
Qxd4 Rd8 29. Qe3 Qe6 30. Re1 b6 31. Nf3 Qxe3 32. Rxe3 Kg7 33. Re6 Bxg5 34. hxg5
Rd1+ 35. Kh2 Bc6 1-0

[Event "World Blitz 2016"]
[Site "Doha QAT"]
[Date "2016.12.29"]
[Round "11.38"]
[White "Kayumov, Sergey"]
[Black "Halkias, Stelios"]
[Result "0-1"]
[WhiteTitle "GM"]
[BlackTitle "GM"]
[WhiteElo "2505"]
[BlackElo "2585"]
[WhiteFideId "14200880"]
[BlackFideId "4201809"]
[EventDate "2016.12.29"]

1. Nf3 d5 2. b3 c5 3. e3 a6 4. Bb2 Nc6 5. d4 Nf6 6. Bd3 Bg4 7. h3 Bh5 8. Be2 e6
9. O-O cxd4 10. exd4 Bd6 11. Ne5 Bxe2 12. Qxe2 O-O 13. Nd2 Rc8 14. Rac1 Qe7 15.
c4 Ba3 16. Ndf3 Bxb2 17. Qxb2 dxc4 18. bxc4 Rfd8 19. Rb1 Rc7 20. Qb6 Rdc8 21.
Rfc1 Nb8 22. c5 Nd5 23. Qb2 Nd7 24. Nc4 Rb8 25. Qd2 h6 26. a4 b6 27. cxb6 N7xb6
28. a5 Nd7 29. Rxb8+ Nxb8 30. Nb6 Qd6 31. Rxc7 Nxc7 32. Ne5 Nb5 33. Nf3 Nc6 34.
Qc2 Ncxd4 35. Nxd4 Qxd4 36. Qc8+ Kh7 37. Qxa6 Qa1+ 38. Kh2 Qe5+ 39. Kg1 Nd4 40.
Qd3+ f5 41. Nc4 Qe1+ 42. Kh2 Qxf2 43. a6 Nc6 44. Qd6 Na7 45. Qxe6 Qf4+ 46. Kh1
Qc1+ 47. Kh2 Qf4+ 48. Kg1 Qc1+ 49. Kf2 Qf4+ 50. Ke2 Nb5 51. Ne3 Nd4+ 52. Kd3
Nxe6 53. a7 Qd4+ 0-1

[Event "World Blitz 2016"]
[Site "Doha QAT"]
[Date "2016.12.29"]
[Round "11.39"]
[White "Moiseenko, Alexander"]
[Black "Atabayev, Yusup"]
[Result "1-0"]
[WhiteTitle "GM"]
[BlackTitle "IM"]
[WhiteElo "2657"]
[BlackElo "2473"]
[WhiteFideId "14102560"]
[BlackFideId "14001128"]
[EventDate "2016.12.29"]

1. d4 Nf6 2. Bg5 Ne4 3. Bf4 c5 4. f3 Nf6 5. d5 Qb6 6. e4 d6 7. Nd2 Nbd7 8. Nc4
Qd8 9. a4 g6 10. Bd3 Bg7 11. Ne2 O-O 12. O-O b6 13. Qd2 Ba6 14. Bh6 Bxc4 15.
Bxc4 Ne8 16. Bxg7 Nxg7 17. f4 f5 18. Nc3 fxe4 19. Nxe4 Nf6 20. Ng5 h6 21. Nf3
Nf5 22. Rae1 Qe8 23. Re6 Qxa4 24. b3 Qd7 25. Bd3 Ng7 26. Bxg6 Nxd5 27. Be4 Nf6
28. Rxf6 exf6 29. Bxa8 Rxa8 30. Qd5+ 1-0

[Event "World Blitz 2016"]
[Site "Doha QAT"]
[Date "2016.12.29"]
[Round "11.40"]
[White "Perez Ponsa, Federico"]
[Black "Amin, Bassem"]
[Result "0-1"]
[WhiteTitle "GM"]
[BlackTitle "GM"]
[WhiteElo "2585"]
[BlackElo "2662"]
[WhiteFideId "117927"]
[BlackFideId "10601457"]
[EventDate "2016.12.29"]

1. d4 f5 2. Bf4 Nf6 3. e3 e6 4. h3 b6 5. Be2 Bb7 6. Bf3 Ne4 7. Nd2 Be7 8. Nxe4
fxe4 9. Bh5+ g6 10. Be2 O-O 11. Qd2 Bd6 12. g3 Nc6 13. h4 e5 14. Bg5 Qe8 15. d5
Nb4 16. Bc4 Qf7 17. Bh6 Bxd5 18. Bxd5 Nxd5 19. Bxf8 Rxf8 20. Nh3 h6 21. a3 Nf6
22. Qe2 Qe6 23. b3 Kg7 24. Qc4 Qf5 25. Qe2 a5 26. a4 Bb4+ 27. Kf1 d5 28. Rd1 Rf7
29. Kg2 c6 30. c4 Bc5 31. cxd5 cxd5 32. Rhf1 g5 33. hxg5 hxg5 34. Rh1 d4 35.
exd4 exd4 36. Rdf1 d3 37. Qd1 Nd5 38. Qa1+ Kg6 39. Qh8 Qf3+ 40. Kh2 Nf6 41. Qc8
Ng4+ 0-1

[Event "World Blitz 2016"]
[Site "Doha QAT"]
[Date "2016.12.29"]
[Round "11.43"]
[White "Fressinet, Laurent"]
[Black "Quparadze, Giga"]
[Result "1/2-1/2"]
[WhiteTitle "GM"]
[BlackTitle "IM"]
[WhiteElo "2672"]
[BlackElo "2481"]
[WhiteFideId "608742"]
[BlackFideId "13602250"]
[EventDate "2016.12.29"]

1. Nf3 c5 2. c4 Nc6 3. d4 cxd4 4. Nxd4 e6 5. g3 Nf6 6. Bg2 d5 7. O-O Bc5 8. Nxc6
bxc6 9. Qc2 Be7 10. b3 O-O 11. Bb2 a5 12. Nd2 a4 13. e4 axb3 14. axb3 Bb7 15. h3
Qb8 16. Rxa8 Bxa8 17. Re1 Rd8 18. cxd5 cxd5 19. e5 Nd7 20. Nf3 Rc8 21. Qd1 Nc5
22. Nd4 Qb7 23. h4 Qb6 24. Qf3 Bb7 25. Rc1 Rb8 26. Ba3 Bf8 27. Qe3 Nxb3 28. Rb1
Qxd4 29. Qxb3 Bxa3 30. Qxa3 Qxe5 31. Qa7 Qc7 32. Bf1 h6 33. Ba6 Ra8 34. Qxb7
Qxb7 35. Bxb7 Rb8 36. Rb3 Rd8 37. Ba6 Ra8 38. Bf1 h5 39. Rb7 g6 40. Kg2 Kg7 41.
Bb5 Kf6 42. Bc6 Rc8 43. Bd7 Rd8 44. Bb5 Rc8 45. Kf3 Rc3+ 46. Ke2 Rc2+ 47. Ke3
Rc8 48. f3 Rc3+ 49. Ke2 Rc2+ 50. Kd3 Rg2 51. Be8 Rxg3 52. Rxf7+ Ke5 53. Ke3 Rh3
54. Rg7 d4+ 55. Kf2 Rxh4 56. Bxg6 Rh2+ 57. Kg3 Rh1 58. Rg8 Rg1+ 59. Kf2 Rg5 60.
Bf7 Rxg8 61. Bxg8 d3 62. Bh7 d2 63. Bc2 Kf4 64. Bd1 h4 65. Kg2 e5 66. Kh3 Ke3
67. Kxh4 e4 68. fxe4 Kxe4 69. Kg4 1/2-1/2

[Event "World Blitz 2016"]
[Site "Doha QAT"]
[Date "2016.12.29"]
[Round "11.44"]
[White "Tregubov, Pavel V."]
[Black "Jumabayev, Rinat"]
[Result "1-0"]
[WhiteTitle "GM"]
[BlackTitle "GM"]
[WhiteElo "2585"]
[BlackElo "2611"]
[WhiteFideId "4115341"]
[BlackFideId "13702661"]
[EventDate "2016.12.29"]

1. d4 g6 2. c4 Bg7 3. Nf3 d6 4. g3 Nd7 5. Bg2 e5 6. Nc3 Ne7 7. O-O O-O 8. dxe5
dxe5 9. e4 Nc6 10. Bg5 f6 11. Be3 Nb6 12. b3 Bg4 13. Qxd8 Raxd8 14. Nd5 Rd7 15.
h3 Bxf3 16. Bxf3 Nd4 17. Bxd4 exd4 18. Rad1 c6 19. Nf4 Re8 20. Nd3 Bf8 21. h4
Na8 22. Rfe1 Nc7 23. Bg2 a5 24. f4 Na6 25. e5 Bb4 26. Rf1 fxe5 27. Nxe5 Rdd8 28.
h5 Rd6 29. hxg6 hxg6 30. Be4 Kg7 31. Kg2 Nc5 32. Bd3 a4 33. bxa4 Nxa4 34. Rb1 c5
35. a3 Nc3 36. axb4 Nxb1 37. Rxb1 Rb6 38. bxc5 Rxb1 39. Bxb1 Rc8 40. Bxg6 Rxc5
41. Bd3 Ra5 42. Kf3 Ra1 43. Ke4 Rg1 44. g4 Kf6 45. Kxd4 Ke6 46. Bf5+ Kd6 47. c5+
Kc7 48. g5 Rf1 49. Nd3 Kd8 50. Ke5 Ke7 51. Be4 Rb1 52. f5 1-0

[Event "World Blitz 2016"]
[Site "Doha QAT"]
[Date "2016.12.29"]
[Round "11.45"]
[White "Flores, Diego"]
[Black "Xu, Yi"]
[Result "1-0"]
[WhiteTitle "GM"]
[BlackTitle "IM"]
[WhiteElo "2579"]
[BlackElo "2430"]
[WhiteFideId "108049"]
[BlackFideId "8605564"]
[EventDate "2016.12.29"]

1. c4 Nf6 2. Nc3 e6 3. d4 Bb4 4. a3 Bxc3+ 5. bxc3 O-O 6. f3 c5 7. e4 Nc6 8. Be3
cxd4 9. cxd4 d6 10. Bd3 b6 11. Ne2 Na5 12. Bg5 h6 13. Bh4 e5 14. O-O g5 15. Bg3
Qe7 16. Nc3 Ba6 17. c5 Bxd3 18. cxd6 Qxd6 19. Bxe5 Qe6 20. Qxd3 Nd7 21. Bg3 Rac8
22. d5 Qf6 23. Nb5 Nc5 24. Qe2 a6 25. Nd6 Rcd8 26. e5 Qg6 27. Ne4 Kh8 28. Rad1
Nab3 29. Nf6 b5 30. Be1 a5 31. Bc3 Na4 32. Be1 Nbc5 33. Bxa5 Rb8 34. Bb4 Rfd8
35. h3 Qf5 36. d6 Ne6 37. d7 Nf4 38. Qe4 Qxe4 39. fxe4 Ng6 40. Ng4 h5 41. Nh6
Nxe5 42. Nxf7+ Nxf7 43. Rxf7 Nb2 44. Rd5 Nc4 45. Rxg5 Rg8 46. Bc3+ 1-0

[Event "World Blitz 2016"]
[Site "Doha QAT"]
[Date "2016.12.29"]
[Round "11.46"]
[White "Aleksandrov, Aleksej"]
[Black "Zhang, Zhong"]
[Result "1/2-1/2"]
[WhiteTitle "GM"]
[BlackTitle "GM"]
[WhiteElo "2574"]
[BlackElo "2645"]
[WhiteFideId "13500139"]
[BlackFideId "8600694"]
[EventDate "2016.12.29"]

1. d4 e6 2. c4 Nf6 3. Nc3 Bb4 4. e3 O-O 5. Bd3 d5 6. cxd5 exd5 7. Ne2 Re8 8. O-O
c5 9. a3 Bxc3 10. bxc3 Nc6 11. f3 Be6 12. Bd2 Rc8 13. Be1 cxd4 14. cxd4 Bd7 15.
Qd2 b6 16. Bh4 Qe7 17. Bf2 Na5 18. Qb4 Nc4 19. Qxe7 Rxe7 20. Bxc4 Rxc4 21. Rfc1
Bb5 22. Nc3 Bc6 23. Nd1 Rxc1 24. Rxc1 Re6 25. Nb2 h6 26. g4 g5 27. Nd3 Bb5 28.
Ne5 Ne8 29. Rc3 f6 30. Nd3 Bxd3 31. Rxd3 Nd6 32. Rc3 Nc4 33. e4 b5 34. exd5 Rd6
35. a4 a6 36. axb5 axb5 37. Kf1 Rxd5 38. Ke2 Kf7 39. Rc1 Ke6 40. Rb1 Kd7 41. Kd3
Kc6 42. Ra1 Kb7 43. Rb1 Kc6 44. Ra1 Kb7 45. Re1 Rd6 46. Re7+ Kc6 47. Rh7 Kd5 48.
Rb7 Rb6 49. Rd7+ Ke6 50. Rh7 Kd5 51. Rd7+ Nd6 52. Bg3 Ke6 53. Rh7 b4 54. Kc2 b3+
55. Kb1 Nc4 56. Rc7 Kd5 57. Rc5+ Kxd4 58. Bf2+ Kc3 59. Rxc4+ Kxc4 60. Bxb6 Kd3
61. Bd8 Ke2 62. Bxf6 Kxf3 63. Bg7 Kxg4 64. Bxh6 Kh3 1/2-1/2

[Event "World Blitz 2016"]
[Site "Doha QAT"]
[Date "2016.12.29"]
[Round "11.47"]
[White "Debashis, Das"]
[Black "Shytaj, Luca"]
[Result "0-1"]
[WhiteTitle "GM"]
[BlackTitle "IM"]
[WhiteElo "2472"]
[BlackElo "2435"]
[WhiteFideId "5024854"]
[BlackFideId "812633"]
[EventDate "2016.12.29"]

1. d4 Nf6 2. c4 e6 3. Nc3 Bb4 4. e3 O-O 5. Bd3 Re8 6. Nf3 d5 7. O-O dxc4 8. Bxc4
c5 9. a3 Bxc3 10. bxc3 Nc6 11. Qe2 b6 12. Rd1 Qc7 13. e4 Na5 14. Bd3 Nb3 15. e5
Nd5 16. Bxh7+ Kxh7 17. Qc2+ Kg8 18. Qxb3 Bb7 19. c4 Ne7 20. Ng5 cxd4 21. Qh3 Ng6
22. a4 Nf8 23. Rxd4 Red8 24. Be3 Rxd4 25. Bxd4 Rd8 26. Be3 Qxc4 27. Qh5 g6 28.
Qh3 Qxa4 29. Rf1 Rd1 30. f3 Ba6 31. Rxd1 Qxd1+ 32. Kf2 Qe2+ 33. Kg3 Qxe3 34. Qg4
Qxe5+ 35. f4 Qe3+ 36. Nf3 Bb7 37. Qg5 0-1

[Event "World Blitz 2016"]
[Site "Doha QAT"]
[Date "2016.12.29"]
[Round "11.48"]
[White "Saeed, Ishaq"]
[Black "Hirneise, Tobias"]
[Result "1-0"]
[WhiteTitle "FM"]
[BlackTitle "IM"]
[WhiteElo "2312"]
[BlackElo "2466"]
[WhiteFideId "9301453"]
[BlackFideId "24600881"]
[EventDate "2016.12.29"]

1. d4 d5 2. Nf3 Nf6 3. c4 c6 4. e3 Bf5 5. Nc3 e6 6. Be2 Nbd7 7. O-O Bd6 8. b3
O-O 9. Bb2 Qe7 10. Nh4 Be4 11. f3 Bg6 12. Nxg6 hxg6 13. c5 Bc7 14. f4 Ba5 15. a3
Bxc3 16. Bxc3 Ne4 17. Be1 g5 18. Bd3 gxf4 19. Rxf4 f5 20. Bxe4 dxe4 21. Rh4 Nf6
22. Rh3 Ng4 23. Qe2 e5 24. Rd1 exd4 25. Rxd4 Qe6 26. Qc4 Qxc4 27. bxc4 Rf7 28.
Rg3 Nf6 29. Rg5 Nd7 30. g4 Nxc5 31. gxf5 a5 32. Bc3 b6 33. Rd6 Kf8 34. Rxc6 Rd8
35. Bd4 Nb3 36. Bxb6 Rd1+ 37. Kf2 Rd2+ 38. Kg3 Rd3 39. Rc8+ Ke7 40. Rc7+ Ke8 41.
Rc8+ Ke7 42. Rg6 Rxf5 43. Rxg7+ Ke6 44. Rc6+ Ke5 45. Bc7+ 1-0

[Event "World Blitz 2016"]
[Site "Doha QAT"]
[Date "2016.12.29"]
[Round "11.49"]
[White "Maghsoodloo, Parham"]
[Black "Quintiliano Pinto, Renato R."]
[Result "1-0"]
[WhiteTitle "GM"]
[BlackTitle "IM"]
[WhiteElo "2584"]
[BlackElo "2484"]
[WhiteFideId "12539929"]
[BlackFideId "2117568"]
[EventDate "2016.12.29"]

1. e4 c5 2. Nf3 d6 3. d4 cxd4 4. Nxd4 Nf6 5. f3 e5 6. Nb3 a5 7. c4 Nxe4 8. fxe4
Qh4+ 9. Kd2 a4 10. Qe1 Qxe1+ 11. Kxe1 axb3 12. a3 Nc6 13. Be3 Nb4 14. axb4 Rxa1
15. Bd3 Be7 16. h3 Be6 17. Kd2 O-O 18. g4 Rc8 19. Rc1 h6 20. b5 Bd8 21. Kc3 d5
22. exd5 Bxd5 23. Kxb3 Be6 24. Na3 Rxc1 25. Bxc1 Be7 26. Be3 h5 27. gxh5 Bxh3
28. Be4 Bxa3 29. bxa3 Be6 30. Bxb7 Rxc4 31. Kb2 f5 32. b6 f4 33. Ba6 Rc8 34. Bc5
Rb8 35. a4 Bd5 36. Bb5 e4 37. a5 Ra8 38. a6 e3 39. Bd6 f3 40. b7 Rd8 41. b8=Q
Rxb8 42. Bxb8 e2 43. Bg3 Kf7 44. a7 Kf6 45. Kc3 Kg5 46. Kd4 Ba8 47. Bf2 Kxh5 48.
Bc4 1-0

[Event "World Blitz 2016"]
[Site "Doha QAT"]
[Date "2016.12.29"]
[Round "11.50"]
[White "Gashimov, Sarkhan"]
[Black "Darini, Pouria"]
[Result "0-1"]
[BlackTitle "GM"]
[WhiteElo "2351"]
[BlackElo "2511"]
[WhiteFideId "13400657"]
[BlackFideId "12502200"]
[EventDate "2016.12.29"]

1. Nf3 Nf6 2. b3 d5 3. Bb2 c6 4. e3 Bf5 5. Be2 h6 6. O-O e6 7. c4 Nbd7 8. d4 Bd6
9. Nbd2 Qb8 10. a3 O-O 11. b4 a6 12. h3 Ne4 13. Nxe4 dxe4 14. Nd2 Bg6 15. Qb3
Qd8 16. f4 exf3 17. Nxf3 Qe7 18. c5 Bc7 19. Ne5 Nxe5 20. dxe5 Qg5 21. Qc3 Rad8
22. Rad1 Be4 23. Rf2 Rxd1+ 24. Bxd1 Rd8 25. Bg4 Rd3 26. Qc1 Bxe5 27. Bxe5 Qxe5
28. Be2 Qc3 29. Qf1 0-1

[Event "World Blitz 2016"]
[Site "Doha QAT"]
[Date "2016.12.29"]
[Round "11.51"]
[White "Sanal, Vahap"]
[Black "Tissir, Mohamed"]
[Result "1-0"]
[WhiteTitle "GM"]
[BlackTitle "IM"]
[WhiteElo "2474"]
[BlackElo "2376"]
[WhiteFideId "6300545"]
[BlackFideId "9000240"]
[EventDate "2016.12.29"]

1. Nf3 Nf6 2. g3 g6 3. Bg2 Bg7 4. d3 O-O 5. e4 c5 6. e5 Ne8 7. O-O d6 8. exd6
Nxd6 9. Nc3 Nc6 10. Re1 Bg4 11. h3 Bxf3 12. Bxf3 Rc8 13. h4 Nd4 14. Bg2 e6 15.
Bg5 Qd7 16. h5 h6 17. Bd2 g5 18. Ne4 Nxe4 19. Rxe4 f5 20. Re1 f4 21. c3 fxg3 22.
fxg3 Nf5 23. g4 Nh4 24. Qe2 Kh8 25. Rf1 b5 26. Be4 Qd6 27. Qh2 Be5 28. Qh3 b4
29. Rxf8+ Rxf8 30. Rf1 bxc3 31. bxc3 Bf4 32. Be1 Bh2+ 33. Kh1 Be5 34. Rf2 Kg7
35. Qf1 Rf4 36. Bd2 Rxf2 37. Qxf2 Bf4 38. Be1 Qe5 39. Qg1 Qd6 40. Bf2 Bd2 41.
Bxc5 Qf4 42. Qd4+ e5 43. Qd7+ Qf7 44. Qxf7+ Kxf7 45. c4 a5 46. a4 Bc3 47. Bb6
Ke6 48. Bc7 Bb4 49. Kg1 Bc5+ 50. Kf1 Bb4 51. Ke2 Kd7 52. Bb6 Ke6 53. c5 Kd7 54.
Kd1 1-0

[Event "World Blitz 2016"]
[Site "Doha QAT"]
[Date "2016.12.29"]
[Round "11.52"]
[White "Stratonowitsch, Andre"]
[Black "Christiansen, Johan-Sebastian"]
[Result "0-1"]
[BlackTitle "IM"]
[WhiteElo "2138"]
[BlackElo "2429"]
[WhiteFideId "24613959"]
[BlackFideId "1512668"]
[EventDate "2016.12.29"]

1. e4 c5 2. Nf3 d6 3. d4 cxd4 4. Nxd4 Nf6 5. f3 e5 6. Nb3 d5 7. Bg5 Be6 8. exd5
Qxd5 9. Nc3 Qxd1+ 10. Rxd1 Bb4 11. Bd2 O-O 12. Bd3 Nc6 13. O-O a6 14. Ne4 Nxe4
15. Bxe4 Be7 16. Be3 Bc4 17. Rf2 Rfc8 18. Nc5 Bxc5 19. Bxc5 Be6 20. Bd6 f6 21.
Bd5 Kf7 22. Bxe6+ Kxe6 23. Rfd2 Nd4 24. c3 Nc6 25. Bc5 Rd8 26. Rd6+ Kf7 27. Rd7+
Kg6 28. R1d6 h5 29. Rxb7 Rxd6 30. Bxd6 Rd8 31. Bf8 Rxf8 32. Rb6 Nb8 33. Kf2 Rd8
34. Ke3 Kf5 35. c4 Rc8 36. c5 Nd7 37. Rxa6 Nxc5 38. Ra7 Ne6 39. Re7 Nd4 40. Rxg7
Rc2 41. g4+ Ke6 42. gxh5 Nf5+ 43. Kd3 Rxb2 44. Ra7 Rxh2 45. Ra6+ Nd6 46. a4 Rxh5
47. a5 Rh3 48. Ke2 Rh2+ 49. Kd3 Ra2 50. Kc3 Ra3+ 51. Kb4 Rxf3 52. Kc5 Rc3+ 53.
Kb4 Rc1 54. Rb6 e4 55. a6 Ke5 56. a7 Ra1 0-1

[Event "World Blitz 2016"]
[Site "Doha QAT"]
[Date "2016.12.29"]
[Round "11.54"]
[White "Hirneise, Jens"]
[Black "khayat, Abdullah F"]
[Result "1-0"]
[WhiteTitle "FM"]
[WhiteElo "2315"]
[BlackElo "1732"]
[WhiteFideId "24614734"]
[BlackFideId "21500460"]
[EventDate "2016.12.29"]

1. e4 d5 2. exd5 Nf6 3. d4 Nxd5 4. Nf3 Bg4 5. c4 Nf6 6. Nc3 c6 7. Be3 e6 8. Be2
Bd6 9. h3 Bh5 10. O-O O-O 11. Qb3 b6 12. Rad1 Nbd7 13. Rfe1 a5 14. d5 exd5 15.
cxd5 c5 16. a4 Re8 17. Nb5 Be5 18. d6 Rc8 19. Nc7 Rf8 20. Nxe5 Nxe5 21. Bxh5
Nxh5 22. Qxb6 Nc4 23. Qc6 Nxe3 24. Rxe3 Nf4 25. Qxc5 Ne6 26. Nxe6 fxe6 27. Qe5
Rc2 28. Qxe6+ Kh8 29. Rf1 Qh4 30. Qe7 Rcxf2 31. Qxf8+ 1-0